000 01025nam a2200205Ia 4500
008 0000001993 it ad 0000000000mul00
090 _aPSP00 C16c
100 1 _aCaprile, Luciano
245 1 0 _aCarlos Puente de Ambrosio
_b: a coloro che scrivono lettere al mare...
_c/ texti critici a cura di Luciano Caprile, Giovanna Riu ; fotografie Maura Parodi, Alfonso Santiago
300 _a47 p.
_c/ 22 cm.
500 _aExposición realizada en Galleria Orti Sauli, Genova, febrero11 a marzo 20 de 1993 \ Incluye cronología del artista \ Texto en : Italiano, francés e inglés \ Registro auspiciado por la FGAA. Bogotá
600 0 0 _aPUENTE DE AMBROSIO, CARLOS, 1950/
_xTRABAJOS PICTORICOS
650 1 4 _aARTE CONTEMPORANEO ESPAÑOL
650 1 4 _aARTISTAS PLASTICOS ESPAÑOLES EXPOSIONES
650 1 4 _xCATALOGOS
650 1 4 _xEXPOSICIONES
650 1 4 _aPINTURA ESPAÑOLA
700 1 _aRiu, Giovanna \ Parodi, Maura \ Santiago, Alfonso
999 _c10781
_d10781
260 _aGenova : Orti Sauli Galleria d'Arte in Genova
_c1993